[Event "UKR-ch Rapid"]
[Site "Dnipro"]
[Date "2023.11.01"]
[Round "6"]
[White "Kazakov, Maksym"]
[Black "Khristovoy, Dmitriy"]
[Result "1/2-1/2"]
[WhiteElo "1987"]
[BlackElo "2079"]
[PlyCount "95"]
[EventDate "2023.11.01"]
[EventType "swiss (rapid)"]
[EventRounds "11"]
[EventCountry "UKR"]
[SourceTitle "EXT 2025"]
[Source "ChessBase"]
[SourceDate "2024.10.14"]
[SourceVersion "1"]
[SourceVersionDate "2024.10.14"]
[SourceQuality "1"]

1. c4 Nf6 2. g3 e6 3. d4 d5 4. Nf3 Be7 5. Bg2 0-0 6. Qc2 Nbd7 7. 0-0 c6 8. Nbd2 b6 9. e4 dxe4 10. Nxe4 Bb7 11. Ne5 Nxe5 12. dxe5 Nxe4 13. Bxe4 h6 14. Be3 Qc7 15. c5 Qxe5 16. cxb6 axb6 17. Bxb6 Qb5 18. Bd4 c5 19. Bxb7 Qxb7 20. Bxc5 Rfc8 21. b4 Bxc5 22. bxc5 Ra5 23. Rfc1 Qc6 24. a4 Rca8 25. Rab1 Rxa4 26. Rb6 Qc7 27. Qb3 Ra1 28. Qb2 Rxc1+ 29. Qxc1 Ra5 30. Qb1 g6 31. Qb2 e5 32. Qb3 Rxc5 33. Rxg6+ Kh7 34. Rf6 Kg7 35. Qf3 e4 36. Qf4 Qxf4 37. Rxf4 f5 38. g4 fxg4 39. Rxg4+ Rg5 40. Rxg5+ hxg5 41. Kg2 Kg6 42. Kg3 Kf5 43. h3 Kf6 44. Kg4 Kg6 45. h4 gxh4 46. Kxh4 Kf5 47. Kg3 Kg5 48. Kg2 1/2-1/2